Robert Ludlum's The Bourne sanction : (Record no. 233321)

000 -LEADER
fixed length control field 01783cam a2200385 a 4500
001 - CONTROL NUMBER
control field 15254161
003 - CONTROL NUMBER IDENTIFIER
control field Nust
005 - DATE AND TIME OF LATEST TRANSACTION
control field 20170306184510.0
008 - FIXED-LENGTH DATA ELEMENTS--GENERAL INFORMATION
fixed length control field 080409s2008 nyu 000 1 eng
010 ## - LIBRARY OF CONGRESS CONTROL NUMBER
LC control number 2008016199
020 ## - INTERNATIONAL STANDARD BOOK NUMBER
International Standard Book Number 9780446539869
020 ## - INTERNATIONAL STANDARD BOOK NUMBER
International Standard Book Number 9780752884660
035 ## - SYSTEM CONTROL NUMBER
System control number (OCoLC)ocn223107176
035 ## - SYSTEM CONTROL NUMBER
System control number (OCoLC)223107176
040 ## - CATALOGING SOURCE
Original cataloging agency DLC
Transcribing agency DLC
Modifying agency IG#
-- BAKER
-- BTCTA
-- IK2
-- RLS
-- VP@
-- YDXCP
-- DLC
042 ## - AUTHENTICATION CODE
Authentication code lcac
050 00 - LIBRARY OF CONGRESS CALL NUMBER
Classification number PS3562.U752
Item number R65 2008
082 00 - DEWEY DECIMAL CLASSIFICATION NUMBER
Classification number 813.54
Author Mark LUS
100 1# - MAIN ENTRY--PERSONAL NAME
Personal name Lustbader, Eric.
245 10 - TITLE STATEMENT
Title Robert Ludlum's The Bourne sanction :
Remainder of title a new Jason Bourne novel /
Statement of responsibility, etc. by Eric Van Lustbader.
246 30 - VARYING FORM OF TITLE
Title proper/short title Bourne sanction
250 ## - EDITION STATEMENT
Edition statement 1st ed.
260 ## - PUBLICATION, DISTRIBUTION, ETC.
Place of publication, distribution, etc. New York :
Name of publisher, distributor, etc. Grand Central Pub.,
Date of publication, distribution, etc. 2008.
300 ## - PHYSICAL DESCRIPTION
Extent 614 p. ;
Dimensions 24 cm.
520 ## - SUMMARY, ETC.
Summary, etc. "Jason Bourne must confront a nightmare version of himself--an amoral, heartless killer--in this new novel in Robert Ludlum's bestselling series"--Provided by publisher.
650 #0 - SUBJECT ADDED ENTRY--TOPICAL TERM
Topical term or geographic name entry element Bourne, Jason (Fictitious character)
Form subdivision Fiction.
650 #0 - SUBJECT ADDED ENTRY--TOPICAL TERM
Topical term or geographic name entry element Intelligence officers
Form subdivision Fiction.
650 #0 - SUBJECT ADDED ENTRY--TOPICAL TERM
Topical term or geographic name entry element Terrorists
Form subdivision Fiction.
655 #7 - INDEX TERM--GENRE/FORM
Genre/form data or focus term Suspense fiction.
Source of term gsafd
655 #7 - INDEX TERM--GENRE/FORM
Genre/form data or focus term Spy stories.
Source of term gsafd
700 1# - ADDED ENTRY--PERSONAL NAME
Personal name Ludlum, Robert,
Dates associated with a name 1927-2001.
856 42 - ELECTRONIC LOCATION AND ACCESS
Materials specified Contributor biographical information
Uniform Resource Identifier <a href="http://www.loc.gov/catdir/enhancements/fy0829/2008016199-b.html">http://www.loc.gov/catdir/enhancements/fy0829/2008016199-b.html</a>
856 42 - ELECTRONIC LOCATION AND ACCESS
Materials specified Publisher description
Uniform Resource Identifier <a href="http://www.loc.gov/catdir/enhancements/fy0834/2008016199-d.html">http://www.loc.gov/catdir/enhancements/fy0834/2008016199-d.html</a>
906 ## - LOCAL DATA ELEMENT F, LDF (RLIN)
a 7
b cbc
c orignew
d 1
e ecip
f 20
g y-gencatlg
942 ## - ADDED ENTRY ELEMENTS (KOHA)
Source of classification or shelving scheme
Koha item type Book
Holdings
Withdrawn status Lost status Source of classification or shelving scheme Damaged status Not for loan Collection code Permanent Location Current Location Shelving location Date acquired Total Checkouts Full call number Barcode Date last seen Date last checked out Copy number Price effective from Koha item type
            Central Library (CL) Central Library (CL) Fiction 03/06/2017 1 813.54 LUS CL481 07/12/2021 06/23/2021 1 03/06/2017 Book
© 2023 Central Library, National University of Sciences and Technology. All Rights Reserved.